Škola v globální době : proměny pěti českých základních škol / Dominik Dvořák, Karel Starý, Petr Urbánek
Record details
- ISBN: 978-80-246-2977-3
- Physical Description: 195 stran ; 21 cm
- Edition: První vydání
- Publisher: Praha : Univerzita Karlova v Praze, nakladatelství Karolinum, 2015
Content descriptions
| Bibliography, etc. Note: | Obsahuje bibliografii a rejstřík |
| Language Note: | Anglické resumé |
Search for related items by subject
| Genre: | případové studie kolektivní monografie case studies collective monographs |
Available copies
- 2 of 2 copies available at Common Catalog SPOK.
Holds
- 0 current holds with 2 total copies.
Show Only Available Copies
| Location | Call Number / Copy Notes | Barcode | Shelving Location | Status | Due Date |
|---|---|---|---|---|---|
| Jabok Library | Ped-3.3/D | 424480036497 | Odborná literatura | Available | - |
| Varianty | Cho Dv | 4605400237 | Šafaříkova 17 - 5. patro, chodba | Available | - |
| LDR | 02376cam a2200649 i 4500 | ||
|---|---|---|---|
| 001 | 31521 | ||
| 003 | CZ-PrJAB | ||
| 005 | 20190407123239.0 | ||
| 007 | ta | ||
| 008 | 150309s2015 xr f 001 0 cze | ||
| 015 | . | ‡acnb002682958 | |
| 020 | . | ‡a978-80-246-2977-3 ‡q(brožováno) | |
| 035 | . | ‡a(CZ PrNK)nkc20152682958 | |
| 035 | . | ‡a(OCoLC)910988299 | |
| 040 | . | ‡aABA001 ‡bcze ‡dOLA001 ‡dABA001 ‡erda | |
| 041 | 0 | . | ‡acze ‡beng |
| 043 | . | ‡ae-xr--- | |
| 045 | . | ‡ay1y1 | |
| 072 | 7. | ‡a373.2/.3 ‡xPředškolní a primární výchova a vzdělávání ‡2Konspekt ‡922 | |
| 080 | . | ‡a373.3 ‡2MRF | |
| 080 | . | ‡a37.014.3 ‡2MRF | |
| 080 | . | ‡a316.3 ‡2MRF | |
| 080 | . | ‡a001.891 ‡2MRF | |
| 080 | . | ‡a(437.3) ‡2MRF | |
| 080 | . | ‡a(078.7) ‡2MRF | |
| 080 | . | ‡a(048.8:082) ‡2MRF | |
| 100 | 1 | . | ‡aDvořák, Dominik, ‡d1964- ‡7xx0031904 ‡4aut |
| 245 | 1 | 0. | ‡aŠkola v globální době : ‡bproměny pěti českých základních škol / ‡cDominik Dvořák, Karel Starý, Petr Urbánek |
| 246 | 3 | 0. | ‡aProměny pěti českých základních škol |
| 250 | . | ‡aPrvní vydání | |
| 264 | 1. | ‡aPraha : ‡bUniverzita Karlova v Praze, nakladatelství Karolinum, ‡c2015 | |
| 300 | . | ‡a195 stran ; ‡c21 cm | |
| 336 | . | ‡atext ‡btxt ‡2rdacontent | |
| 337 | . | ‡abez média ‡bn ‡2rdamedia | |
| 338 | . | ‡asvazek ‡bnc ‡2rdacarrier | |
| 504 | . | ‡aObsahuje bibliografii a rejstřík | |
| 546 | . | ‡aAnglické resumé | |
| 648 | 7. | ‡a2012-2014 ‡7ch967338 ‡2czenas | |
| 648 | 7. | ‡a21. století ‡7ch460559 ‡2czenas | |
| 648 | 7. | ‡a2011-2020 ‡7ch460589 ‡2czenas | |
| 650 | 0 | 7. | ‡azákladní školy ‡7ph116795 ‡zČesko ‡y2011-2020 ‡2czenas |
| 650 | 0 | 7. | ‡avzdělávací reformy ‡7ph138643 ‡zČesko ‡2czenas |
| 650 | 0 | 7. | ‡aspolečnost ‡7ph116245 ‡y21. století ‡2czenas |
| 650 | 0 | 7. | ‡avědecký výzkum ‡7ph116680 ‡zČesko ‡y2011-2020 ‡2czenas |
| 650 | 0 | 9. | ‡aelementary schools ‡zCzechia ‡y2011-2020 ‡2eczenas |
| 650 | 0 | 9. | ‡aeducational reforms ‡zCzechia ‡2eczenas |
| 650 | 0 | 9. | ‡asociety ‡y21st century ‡2eczenas |
| 650 | 0 | 9. | ‡ascientific research ‡zCzechia ‡y2011-2020 ‡2eczenas |
| 655 | 7. | ‡apřípadové studie ‡7fd133208 ‡2czenas | |
| 655 | 7. | ‡akolektivní monografie ‡7fd501537 ‡2czenas | |
| 655 | 9. | ‡acase studies ‡2eczenas | |
| 655 | 9. | ‡acollective monographs ‡2eczenas | |
| 700 | 1 | . | ‡aStarý, Karel, ‡d1961- ‡7mzk2005266022 ‡4aut |
| 700 | 1 | . | ‡aUrbánek, Petr, ‡d1956- ‡7xx0001726 ‡4aut |
| 910 | . | ‡aABH006 | |
| 910 | . | ‡aABG312 | |
| 995 | . | ‡aska | |
| 901 | . | ‡a31521 ‡b ‡c31521 ‡tbiblio | |